000 00530nam a2200217Ia 4500
003 OSt
005 20220928143714.0
006 a|||||r|||| 00| 0
007 ta
008 220927b |||||||| |||| 00| 0 eng d
024 _a22933
037 _cTextual
040 _aSDCL
_cSDCL
_beng
041 _2eng
_aeng
082 _aO15,1D40,4, w11n2
100 _aKalidas
245 0 _aRtusamhara-sangita-surbhi.
260 _c1992
942 _hO15,1D40,4, w11n2
_cTEXL
_2CC
999 _c824888
_d824888